Má u nás hodnotová analýza budoucnost? 3.
Výrobok, ktorý je úspešný na trhu, uhradí náklady výrobcu a prinesie výrobcovi očakávaný zisk. Funkčno-nákladový prístup možno charakterizovať ako snahu dosiahnuť optimum funkčnosti výrobku. Funkcia výrobku vyjadruje vzťah medzi potrebou zákazníka a vlastnosťami výrobku.
Uložené v:
| Hlavný autor: | |
|---|---|
| Médium: | Kapitola |
| Jazyk: | Czech |
| Predmet: | |
| Tagy: |
Žiadne tagy, Buďte prvý, kto otaguje tento záznam!
|
MARC
| LEADER | 00000naa a2200000 4500 | ||
|---|---|---|---|
| 001 | r005637 | ||
| 005 | 20221125080514.9 | ||
| 041 | 0 | |a cze | |
| 044 | |a [CS] | ||
| 245 | 1 | 0 | |a Má u nás hodnotová analýza budoucnost? 3. |c Radim Vlček |
| 520 | |a Výrobok, ktorý je úspešný na trhu, uhradí náklady výrobcu a prinesie výrobcovi očakávaný zisk. Funkčno-nákladový prístup možno charakterizovať ako snahu dosiahnuť optimum funkčnosti výrobku. Funkcia výrobku vyjadruje vzťah medzi potrebou zákazníka a vlastnosťami výrobku. | ||
| 610 | 2 | 0 | |a analýza hodnotová |
| 610 | 2 | 0 | |a funkcie nákladové |
| 610 | 2 | 0 | |a funkcie spotrebné |
| 610 | 2 | 0 | |a zisk |
| 610 | 2 | 0 | |a užitočnosť výrobkov |
| 610 | 2 | 0 | |a vlastnosti výrobkov úžitkové |
| 100 | 1 | |a Vlček, Radim | |